Política pública municipal de atención integral a la niñez y la adolescencia del municipio de Estelí derecho de la educación
Presenta la formulación política municipal de atención integral a la niñez y la adolescencia de Estelí en lo relativo al derecho de la educación
| Main Authors: | , , |
|---|---|
| Other Authors: | |
| Format: | Tesis Section = Libro |
| Language: | Undetermined Spanish |
| Published: |
Managua
UNI
2008
|
| Subjects: |
| LEADER | 01036nam a2200253Ia 4500 | ||
|---|---|---|---|
| 008 | 240830s9999 xx 000 0 und d | ||
| 040 | |a BIBLIOTECA-RUSB/ T.Mon 344.079 A189 | ||
| 041 | |a spa | ||
| 082 | |a T.Mon 344.079 A189 | ||
| 100 | 1 | |a Acuña Urbina, Yolanda María | |
| 100 | 1 | |b Valenzuela Pérez, Sagrario Areli | |
| 100 | 1 | |c Benavides Talavera, Yamile | |
| 245 | 1 | 0 | |a Política pública municipal de atención integral a la niñez y la adolescencia del municipio de Estelí derecho de la educación |
| 260 | |a Managua |b UNI |c 2008 | ||
| 300 | |a 108 p. :il. | ||
| 502 | |a Tesis (Máster en Administración de Políticas Públicas) - UNI, 2008. | ||
| 520 | 3 | |a Presenta la formulación política municipal de atención integral a la niñez y la adolescencia de Estelí en lo relativo al derecho de la educación | |
| 650 | 7 | |a DERECHO DE LA EDUCACION | |
| 650 | 7 | |b EDUCACION DE NIÑOS Y ADOLESCENTES | |
| 650 | 7 | |c CALIDAD DE LA EDUCACION | |
| 700 | 1 | |a Tutor: | |
| 942 | |c BK |2 ddc | ||
| 991 | |a TESIS | ||
| 999 | |c 21736 | ||